Svoboda a důvěra, nový směr ve světě benefitů

Hmotné benefity sú na ústupe. Nový smer vo svete benefitov - osobný prístup, dôvera a voľnosť.

Uložené v:
Podrobná bibliografia
Hlavný autor: Fixová, Markéta
Médium: Kapitola
Jazyk:Czech
Predmet:
Tagy: Pridať tag
Žiadne tagy, Buďte prvý, kto otaguje tento záznam!

MARC

LEADER 00000naa a2200000 4500
001 0167433
005 20231113133439.6
041 0 |a cze 
044 |a CZ 
245 1 0 |a Svoboda a důvěra, nový směr ve světě benefitů  |c Markéta Fixová 
520 |a Hmotné benefity sú na ústupe. Nový smer vo svete benefitov - osobný prístup, dôvera a voľnosť. 
610 2 0 |a firmy 
610 2 0 |a benefity 
100 1 |a Fixová, Markéta